000 00272nam a2200097Ia 4500
008 220204s9999 xx 000 0 und d
082 _a008(540)
_bTOW
245 0 _aTowards understanding India
260 _aNew Delhi
_bIndian Council for Cultural Relations
_c1965
942 _cBK
999 _c22379
_d22379